Ultimate NCIS LA quiz - Statistics

General Stats
  • This quiz has been taken 778 times
  • The average score is 11 of 25
Answer Stats
Hint Answer % Correct
How many kids does Sam Hanna have? 2
93%
Who does Eric Christian Olsen play? Marty Deeks
89%
How many seasons of the show have there been so far? 8
82%
Who plays Kensi Blye? Daniela Ruah
79%
Who is the russian girl who often helps the team out? Anna
76%
Where is the show set? Los Angeles
75%
What show is this a spinoff of? NCIS
75%
How many times does Deeks propose to Kensi? 3
72%
What is Callen's first name? Grisha
71%
What are the names of the two tech operators? Eric Beale and Nell Jones
65%
What is the name of the boss ninja lady? Hetty Lang
61%
What does NCIS stand for? Naval Criminal Investigative Service
53%
What is the name of Deek's dog? Monty
36%
Who did Miguel Ferrer play on the show? Owen Granger
35%
What is the name of the family who targets Callen? Comescu
33%
Who is the CIA agent that Kensi meets in Afganistan? Vostanik Sabatino
31%
What is the name of the psychologist? Nate Getz
26%
Who is the 4th menmber of the team in season 1 Dominic Vail
17%
In season 1 what does Hetty beat Callan at? Rockclimbing
17%
What is the name of the teams go to DEA agent? Talia Del Campo
13%
Who does Callen date in season 5&6? Joelle Taylor
11%
What episode do Eric and Nell go undercover? Getaway 8x18
4%
What episode does Sam and Deeks get kidnapped? 4x24 and 5x01
1%
What is the name of the Gurkha? Jemadar Thapa
1%
What happens to a main character after the helicopter crash? Kensi is in a coma and is paralysed
1%
No matching quizzes found
Score Distribution
Percent of People with Each Score
Percentile by Number Answered
Your Score History
You have not taken this quiz